Heroes of world war II

Bibliographic Details
Main Author: Srinivasan, Archana
Format: Book
Published: Chennai : First Edition , 2007
Series:Biography series
Subjects:

MARC

LEADER 00000cam a2200000 7i4500
001 0000037771
005 20131017.0
008 131017
020 |a 817478506X 
090 0 0 |a 940.548   |b SRI 
100 1 |a Srinivasan, Archana 
245 1 0 |a Heroes of world war II   |c by Archana Srinivasan 
260 |a Chennai :   |b First Edition ,   |c 2007 
440 |a Biography series 
650 0 |a World War 2   |x Biographies 
999 |a 0001243841   |b Book   |c Adult Collection   |e Perbadanan Perpustakaan Awam Johor